000 00576nam a22001937a 4500
999 _c6664
_d6664
003 AR-CdUCM
008 190319b ||||| |||| 00| 0 spa d
040 _aMUNICIPALIDAD PROVINCIAL DEL CUSCO
_cBIBLIOTECA MUNICIPAL DEL CUSCO
082 _a808.8 /
_bD25
100 _aDarío, Rubén
_92765
245 _aAntología poética /
260 _aLima :
_bUniverso,
_c1974.
300 _a185 páginas ;
_c17 cm.
440 _aColección autores clásicos
_n52
_918751
650 _aPoesías nicaragüenses
_92766
650 _aSiglo XIX
_9971
942 _2ddc
_cLIBROS
945 _aafb